Coupe du monde 2006 - Statistiques

Statistiques générales
  • Ce quiz a été pris 300 fois
  • Le résultat moyen est 8 sur 15
Statistiques - réponses
Question Réponse % Correct
Groupe de la France ( mettre la lettre ) G
92%
Groupe du Brésil ( mettre la lettre ) F
91%
Tenant du titre Brésil
88%
Sa nationalité Italien
74%
Meilleur joueur de la compétition Zinedine Zidane
73%
Capitaine des vainqueurs italiens Fabio Cannavaro
69%
Deuxième buteur en finale Marco Materazzi
62%
Dernier buteur des demi-finales Zinedine Zidane
51%
Score d’Italie - Tchéquie 2-0
49%
Seule équipe qui ne s’est pris aucun but ( Hors TAB) Suisse
45%
Dernier buteur des quarts de finale Thierry Henry
37%
Tour auquel ils ont étés éliminés Huitièmes de finale
24%
Pire équipe du mondial ( points en phase de poule + différence de buts ) Serbie et Monténégro
16%
Meilleur jeune joueur de la compétition Lukas Podolski
9%
Dernier buteur avant la finale Nuno Gomes
5%
Aucun quiz correspondant
Distribution des résultats
% des personnes avec chaque résultat
Percentile par nombre de réponses
Votre historique - résultats
Vous n’avez pas pris ce quiz